00987nam a22002537b 4500003000500000005001700005008004100022020003000063040002400093041001200117082001300129100003800142245007600180260005900256300005900315655002600374655003000400655002800430655003400458700004300492942005800535999001900593952012100612322820260423160056.0260423b sa a|||j |||| 00| 1 eng d a9780796026422 (paperback) aMPLbengc3228erda aEnglish 0aETF ANDE 9128429aAnderson, David eauthor aWhispers from the Bushveld /cwritten and illustrated by David Anderson aPietermaritzburg :bShuter & Shooter ,c©2006,c2009. a51 pages ; 1 unnumbered page :billustrations ;c21 cm 09188476aYouth Fiction 09188659aAdventure Stories 09188621aAfrican Stories 09188558aShort Stories Fiction 9128429aAnderson, David eillustrator 2ddccBKw296xPhillipina Naudey296zPhillipina Naude c797199d797198 00102ddc40708FaKLIPLbKLIPLcCHILDd2026-04-23l0oETF ANDEp33228022133803r2026-04-23w2026-04-23yBKz135598